000 00676cam a2200229 4500
001 M2149
008 090401t xxu||||| |||| 00| 0 eng d
035 _a(Sirsi) u36745
041 _aeng
050 _a692.2
110 _aPyramus and Thisbe Club
_93069
245 4 _aThe collected papers of the Pyramus & Thisbe Club volume I - 1974-1989.
260 _aLondon
_bPyramus & Thisbe Club
_c1996?
300 _a175p. ; 30cm.
350 _a0
520 _aFor papers given during 1990-1994 see Volume II (M2150).
650 _aParty walls
_96258
650 _aPYRAMUS AND THISBE CLUB
690 _aBUILT ENVIRONMENT-BUILDING INSPECTION
942 _n0
948 _c04/03/1997
999 _c90377
_d90377